| 000 | 01539nam a22002895i 4500 | ||
|---|---|---|---|
| 001 | 167056 | ||
| 003 | ES-MaACL | ||
| 005 | 20250812074048.0 | ||
| 008 | 990531s1874 sp bf |||| | spa d | ||
| 040 |
_aM-RACM _bspa _cM-RACM _dCCPB | B |
||
| 100 | 1 |
_aVega-Inclán, Miguel de la. _9152309 |
|
| 245 | 1 | 0 |
_aRelación histórica de la última campaña del Marqués del Duero / _chomenaje de honor militar que tributan a la memoria de tan esclarecido caudillo, D. Miguel de la Vega-Inclán, D. José de Castro y López y D. Manuel Astorga ; con una introducción escrita por don José Gómez de Arteche. |
| 260 |
_aMadrid : _b[s.n.], _c1874 ( _fImprenta y litografía del Depósito de la Guerra) |
||
| 300 |
_aXXX, 150, XLIV, [6] h. de lám., [7] h. de mapa pleg. ; _c23 cm. |
||
| 597 | _aAntep. | ||
| 599 | _aLas h. de lám. representan vistas de los terrenos donde se desarrollaron las batallas. | ||
| 599 | _aLas h. de mapa representan zonas geográficas del Pais Vasco. | ||
| 599 | _aLa h. de grab. antes de port. es litogr.: "Lit. Donon. Madrid", retrato y facsimil de la firma del General D. Manuel de la Concha. | ||
| 600 | 1 | 4 |
_aDuero, Manuel Gutiérrez de la Concha, _cMarqués del, _d1808-1874 _9148021 |
| 650 | 7 |
_aArte y ciencia militar _2embne _9135619 |
|
| 700 | 2 | 1 |
_aCastro y López, José. _9126394 |
| 700 | 1 | 1 |
_aAstorga, Manuel. _9125735 |
| 700 | 0 |
_aGómez de Arteche, José. _957884 |
|
| 852 |
_aES-MaACL _jG-13650 _z-- Enc. hol. |
||
| 852 |
_aES-MaACL _jB-964 _z-- Enc. hol. |
||
| 999 |
_c167056 _d167056 |
||